Welcome to the Holygrace Academy Library

Please use search bar below to get started

ORUMICHORU YATHRA (Record no. 9047)

MARC details
000 -LEADER
fixed length control field 00342nam a22001337a 4500
082 ## - DEWEY DECIMAL CLASSIFICATION NUMBER
Classification number 894.812.3
Item number SAH/O
100 ## - MAIN ENTRY--AUTHOR NAME
Personal name SAHITHEE PUBLICATION
245 ## - TITLE STATEMENT
Title ORUMICHORU YATHRA
246 ## - VARYING FORM OF TITLE
Title proper/short title ORUMICHORU YATHRA
Remainder of title ORUMICHORU YATHRA
260 ## - PUBLICATION, DISTRIBUTION, ETC. (IMPRINT)
Place of publication PATHANAMTHITTA
Name of publisher SAHITHEE PUBLICATION
Year of publication 2023
300 ## - PHYSICAL DESCRIPTION
Number of Pages 167
650 ## - SUBJECT ADDED ENTRY--TOPICAL TERM
Topical Term MALAYALAM STORIES
942 ## - ADDED ENTRY ELEMENTS (KOHA)
Koha item type Books
Holdings
Withdrawn status Lost status Collection code Home library Current library Date acquired Source of acquisition Cost, normal purchase price Full call number Accession Number Koha item type
    Fiction Main Library Main Library 06/07/2024 COTRIBUTION 250.00 894.812.3 SAH/O 13686 Books